| 000 | 00356nam a2200133 a 4500 | ||
|---|---|---|---|
| 001 | 4551 | ||
| 003 | CDMR | ||
| 005 | 20130116135257.0 | ||
| 008 | 130130s2001||||||||||||||||||||||||||||d | ||
| 040 |
_aCDMR _bcat _cCPC GIRONA |
||
| 245 | 0 |
_aExposició Fita _bRostre, autoretrat, dibuix, Girona, nu, pintura, escultura |
|
| 260 |
_c2001 _bFundació Fita |
||
| 942 | _cMON | ||
| 999 |
_c4551 _d4551 |
||